000 00263nam a2200097Ia 4500
001 931373
005 20250826214907.0
008 250824s9999 xx 000 0 und d
245 0 _aFİL OZOFUN BİLİM GÜNLÜĞÜ/N1
_cFATİH DİKMEN
260 _bTAZE KİTAP YAYINLARI
999 _c931373
_d931373